[Event "DVM U20 2021"]
[Site "Kiel GER"]
[Date "2022.07.25"]
[Round "5"]
[White "von Estorff, Jacob"]
[Black "Dietzel, Lukas"]
[Result "1-0"]
[Termination "normal"]
[Board "6.2"]
[WhiteElo "2164"]
[BlackElo "1564"]
[WhiteClock "00:11:45"]
[BlackClock "00:13:53"]
[WhiteTeam "Post SV Uelzen"]
[BlackTeam "Heilbronner SV"]
[PlyCount "63"]
[WhiteFideId "12974501"]
[BlackFideId "16284313"]
[EventCountry "GER"]
[EventRounds "7"]
[EventType "team-swiss"]
[EventDate "2022.07.22"]

1. e4 {[%clk 01:30:51]} {[%emt 00:00:09]} e5 {[%clk 01:30:55]} {[%emt
00:00:06]} 2. Nf3 {[%clk 01:28:56]} {[%emt 00:02:25]} Nc6 {[%clk 01:31:19]}
{[%emt 00:00:06]} 3. Bc4 {[%clk 01:27:57]} {[%emt 00:01:29]} Bc5 {[%clk
01:31:22]} {[%emt 00:00:27]} 4. c3 {[%clk 01:23:30]} {[%emt 00:04:58]} Nf6
{[%clk 01:31:35]} {[%emt 00:00:16]} 5. d3 {[%clk 01:18:11]} {[%emt 00:05:49]}
d6 {[%clk 01:31:55]} {[%emt 00:00:10]} 6. h3 {[%clk 01:18:25]} {[%emt
00:00:16]} a6 {[%clk 01:31:24]} {[%emt 00:01:00]} 7. O-O {[%clk 01:18:16]}
{[%emt 00:00:41]} Ba7 {[%clk 01:29:54]} {[%emt 00:01:58]} 8. Bg5 {[%clk
01:17:16]} {[%emt 00:01:32]} h6 {[%clk 01:29:29]} {[%emt 00:00:55]} 9. Bh4
{[%clk 01:17:31]} {[%emt 00:00:14]} g5 {[%clk 01:29:38]} {[%emt 00:00:21]} 10.
Bg3 {[%clk 01:17:48]} {[%emt 00:00:13]} O-O {[%clk 01:28:00]} {[%emt 00:02:07]}
11. Nbd2 {[%clk 01:15:17]} {[%emt 00:03:02]} Re8 {[%clk 01:26:44]} {[%emt
00:01:45]} 12. Re1 {[%clk 01:07:37]} {[%emt 00:08:11]} Be6 {[%clk 01:24:13]}
{[%emt 00:03:01]} 13. a4 {[%clk 01:04:13]} {[%emt 00:03:53]} Qd7 {[%clk
01:21:31]} {[%emt 00:03:13]} 14. Nh2 {[%clk 00:55:46]} {[%emt 00:08:58]} Bxc4
{[%clk 01:09:51]} {[%emt 00:12:09]} 15. Nxc4 {[%clk 00:49:30]} {[%emt
00:06:46]} Ne7 {[%clk 01:02:17]} {[%emt 00:08:03]} 16. d4 {[%clk 00:35:46]}
{[%emt 00:14:14]} Ng6 {[%clk 00:59:41]} {[%emt 00:03:06]} 17. Qf3 {[%clk
00:32:26]} {[%emt 00:03:51]} Qe7 {[%clk 00:56:51]} {[%emt 00:03:20]} 18. Ne3
{[%clk 00:27:25]} {[%emt 00:05:30]} Nf4 {[%clk 00:50:43]} {[%emt 00:06:38]} 19.
Nf5 {[%clk 00:27:09]} {[%emt 00:00:47]} Qf8 {[%clk 00:45:25]} {[%emt 00:05:48]}
20. Rad1 {[%clk 00:25:12]} {[%emt 00:02:27]} Kh8 {[%clk 00:42:33]} {[%emt
00:03:21]} 21. h4 {[%clk 00:20:27]} {[%emt 00:05:16]} Kh7 {[%clk 00:39:05]}
{[%emt 00:03:58]} 22. hxg5 {[%clk 00:18:29]} {[%emt 00:02:28]} hxg5 {[%clk
00:36:43]} {[%emt 00:02:51]} 23. Ng4 {[%clk 00:18:44]} {[%emt 00:00:16]} N6h5
{[%clk 00:30:11]} {[%emt 00:07:02]} 24. Bxf4 {[%clk 00:14:00]} {[%emt
00:05:14]} gxf4 {[%clk 00:24:58]} {[%emt 00:05:42]} 25. Nxe5 {[%clk 00:10:35]}
{[%emt 00:03:56]} Nf6 {[%clk 00:16:46]} {[%emt 00:08:42]} 26. Qh3+ {[%clk
00:10:42]} {[%emt 00:00:23]} Kg8 {[%clk 00:16:43]} {[%emt 00:00:32]} 27. Ng4
{[%clk 00:10:08]} {[%emt 00:01:04]} Nxg4 {[%emt 00:01:31]} 28. Qxg4+ {[%clk
00:10:33]} {[%emt 00:00:03]} Kh7 {[%clk 00:15:16]} {[%emt 00:00:58]} 29. Qh5+
{[%clk 00:10:37]} {[%emt 00:00:26]} Kg8 {[%clk 00:15:34]} {[%emt 00:00:13]} 30.
Qg5+ {[%clk 00:11:03]} {[%emt 00:00:03]} Kh7 {[%clk 00:14:58]} {[%emt
00:01:06]} 31. Rd3 {[%clk 00:11:28]} {[%emt 00:00:05]} Re6 {[%clk 00:13:53]}
{[%emt 00:01:36]} 32. Rh3+ {[%clk 00:11:45]} {[%emt 00:00:12]} 1-0

[Event "DVM U20 2021"]
[Site "Kiel GER"]
[Date "2022.07.25"]
[Round "5"]
[White "Wolff, Calvin"]
[Black "Bargsten, Justus"]
[Result "0-1"]
[Termination "normal"]
[Board "6.3"]
[WhiteElo "1390"]
[BlackElo "2136"]
[WhiteClock "00:45:33"]
[BlackClock "00:17:47"]
[WhiteTeam "Heilbronner SV"]
[BlackTeam "Post SV Uelzen"]
[PlyCount "100"]
[WhiteFideId "16269969"]
[BlackFideId "12974188"]
[EventCountry "GER"]
[EventRounds "7"]
[EventType "team-swiss"]
[EventDate "2022.07.22"]

1. e4 {[%clk 01:30:57]} {[%emt 00:00:02]} c5 {[%clk 01:30:57]} {[%emt
00:00:05]} 2. Nf3 {[%clk 01:31:18]} {[%emt 00:00:08]} e6 {[%clk 01:31:22]}
{[%emt 00:00:05]} 3. d4 {[%clk 01:31:16]} {[%emt 00:00:32]} cxd4 {[%clk
01:31:48]} {[%emt 00:00:05]} 4. Nxd4 {[%clk 01:31:35]} {[%emt 00:00:09]} Nc6
{[%clk 01:32:14]} {[%emt 00:00:04]} 5. Be3 {[%clk 01:30:45]} {[%emt 00:01:20]}
Nf6 {[%clk 01:32:38]} {[%emt 00:00:08]} 6. f3 {[%clk 01:31:05]} {[%emt
00:00:10]} d5 {[%clk 01:32:45]} {[%emt 00:00:23]} 7. Bb5 {[%clk 01:09:51]}
{[%emt 00:21:44]} Bd7 {[%clk 01:31:23]} {[%emt 00:01:52]} 8. O-O {[%clk
01:07:46]} {[%emt 00:02:34]} dxe4 {[%clk 01:29:32]} {[%emt 00:02:21]} 9. fxe4
{[%clk 01:07:36]} {[%emt 00:00:41]} Nxd4 {[%clk 01:28:25]} {[%emt 00:01:36]}
10. Bxd7+ {[%clk 01:07:38]} {[%emt 00:00:28]} Qxd7 {[%clk 01:28:50]} {[%emt
00:00:05]} 11. Qxd4 {[%clk 01:06:47]} {[%emt 00:01:21]} Qxd4 {[%clk 01:29:08]}
{[%emt 00:00:12]} 12. Bxd4 {[%clk 01:07:11]} {[%emt 00:00:06]} Nxe4 {[%clk
01:29:32]} {[%emt 00:00:06]} 13. Re1 {[%clk 01:04:56]} {[%emt 00:02:44]} f5
{[%clk 01:27:27]} {[%emt 00:02:36]} 14. Nc3 {[%clk 01:05:08]} {[%emt 00:00:19]}
Nxc3 {[%clk 01:27:49]} {[%emt 00:00:08]} 15. Bxc3 {[%clk 01:05:16]} {[%emt
00:00:22]} Bc5+ {[%clk 01:28:13]} {[%emt 00:00:05]} 16. Kf1 {[%clk 01:05:16]}
{[%emt 00:00:30]} Kf7 {[%clk 01:28:36]} {[%emt 00:00:07]} 17. Re2 {[%clk
01:04:55]} {[%emt 00:00:51]} Rad8 {[%clk 01:27:55]} {[%emt 00:01:12]} 18. Rae1
{[%clk 01:04:30]} {[%emt 00:00:54]} Rhe8 {[%clk 01:27:54]} {[%emt 00:00:31]}
19. Re5 {[%clk 01:04:23]} {[%emt 00:00:37]} Bd4 {[%clk 01:27:51]} {[%emt
00:00:33]} 20. Bxd4 {[%clk 01:03:45]} {[%emt 00:01:08]} Rxd4 {[%clk 01:28:15]}
{[%emt 00:00:06]} 21. Rc5 {[%clk 01:03:52]} {[%emt 00:00:23]} Rd2 {[%clk
01:27:58]} {[%emt 00:00:47]} 22. Re2 {[%clk 01:03:19]} {[%emt 00:01:02]} Rxe2
{[%clk 01:27:54]} {[%emt 00:00:35]} 23. Kxe2 {[%clk 01:03:48]} e5 {[%clk
01:27:58]} {[%emt 00:00:26]} 24. c4 {[%clk 01:03:11]} {[%emt 00:01:06]} Ke6
{[%clk 01:26:37]} {[%emt 00:01:51]} 25. Rc7 {[%clk 01:02:42]} {[%emt 00:01:00]}
Re7 {[%clk 01:25:00]} {[%emt 00:02:07]} 26. Rc8 {[%clk 01:03:01]} {[%emt
00:00:12]} e4 {[%clk 01:22:54]} {[%emt 00:02:36]} 27. Rd8 {[%clk 01:03:07]}
{[%emt 00:00:24]} f4 {[%clk 01:19:36]} {[%emt 00:03:47]} 28. Rd4 {[%clk
00:56:16]} {[%emt 00:07:20]} Kf5 {[%clk 01:15:49]} {[%emt 00:04:18]} 29. b4
{[%clk 00:55:50]} {[%emt 00:00:56]} g5 {[%clk 01:15:52]} {[%emt 00:00:26]} 30.
h3 {[%clk 00:55:54]} {[%emt 00:00:27]} g4 {[%clk 01:14:13]} {[%emt 00:02:09]}
31. Rd5+ {[%clk 00:55:22]} {[%emt 00:01:02]} Re5 {[%clk 01:14:33]} {[%emt
00:00:11]} 32. hxg4+ {[%clk 00:55:37]} {[%emt 00:00:14]} Kf6 {[%clk 00:48:04]}
{[%emt 00:26:59]} 33. Rd6+ {[%clk 00:55:18]} {[%emt 00:00:49]} Kg5 {[%clk
00:47:44]} {[%emt 00:00:50]} 34. Rd7 {[%clk 00:55:16]} {[%emt 00:00:33]} Kh4
{[%clk 00:48:07]} {[%emt 00:00:06]} 35. Rxh7+ {[%clk 00:54:21]} {[%emt
00:01:25]} Kg3 {[%clk 00:48:31]} {[%emt 00:00:05]} 36. Kf1 {[%clk 00:51:24]}
{[%emt 00:03:27]} e3 {[%clk 00:37:28]} {[%emt 00:11:34]} 37. Rh3+ {[%clk
00:51:22]} {[%emt 00:00:32]} Kxg4 {[%clk 00:37:52]} {[%emt 00:00:06]} 38. Rh7
{[%clk 00:50:37]} {[%emt 00:01:15]} b5 {[%clk 00:18:25]} {[%emt 00:19:57]} 39.
Rg7+ {[%clk 00:49:53]} {[%emt 00:01:15]} Kf5 {[%clk 00:18:45]} {[%emt
00:00:09]} 40. c5 {[%clk 00:49:55]} {[%emt 00:00:28]} a5 {[%clk 00:16:59]}
{[%emt 00:02:15]} 41. a3 {[%clk 00:48:37]} {[%emt 00:01:49]} axb4 {[%clk
00:17:25]} {[%emt 00:00:05]} 42. axb4 {[%clk 00:48:55]} {[%emt 00:00:11]} Re4
{[%clk 00:17:46]} {[%emt 00:00:09]} 43. Rb7 {[%clk 00:46:24]} {[%emt 00:03:01]}
Rxb4 {[%clk 00:18:09]} {[%emt 00:00:06]} 44. c6 {[%clk 00:46:47]} {[%emt
00:00:08]} Ke6 {[%clk 00:17:15]} {[%emt 00:01:22]} 45. Ke2 {[%clk 00:46:25]}
{[%emt 00:00:53]} Rb2+ {[%clk 00:17:33]} {[%emt 00:00:13]} 46. Kf3 {[%clk
00:46:22]} {[%emt 00:00:33]} Rf2+ {[%clk 00:16:56]} {[%emt 00:01:06]} 47. Kg4
{[%clk 00:46:14]} {[%emt 00:00:38]} e2 {[%clk 00:17:06]} {[%emt 00:00:21]} 48.
Rb8 {[%clk 00:46:15]} {[%emt 00:00:29]} Rxg2+ {[%clk 00:17:06]} {[%emt
00:00:30]} 49. Kxf4 {[%clk 00:46:03]} {[%emt 00:00:42]} Rg7 {[%clk 00:17:29]}
{[%emt 00:00:07]} 50. Rb7 {[%clk 00:45:33]} {[%emt 00:01:01]} e1=Q {[%clk
00:17:47]} {[%emt 00:00:10]} 0-1

[Event "DVM U20 2021"]
[Site "Kiel GER"]
[Date "2022.07.25"]
[Round "5"]
[White "Askerov, Imamali"]
[Black "Kulkovets, Roman"]
[Result "1-0"]
[Termination "normal"]
[Board "6.4"]
[WhiteElo "1974"]
[BlackElo "1374"]
[WhiteClock "00:02:30"]
[BlackClock "01:39:41"]
[WhiteTeam "Post SV Uelzen"]
[BlackTeam "Heilbronner SV"]
[PlyCount "157"]
[WhiteFideId "12974498"]
[BlackFideId "34119272"]
[EventCountry "GER"]
[EventRounds "7"]
[EventType "team-swiss"]
[EventDate "2022.07.22"]

1. e4 {[%clk 01:30:54]} {[%emt 00:00:06]} d6 {[%clk 01:30:17]} {[%emt
00:00:42]} 2. d4 {[%emt 00:00:53]} Nf6 {[%clk 01:30:20]} {[%emt 00:00:22]} 3.
Nc3 {[%clk 01:30:31]} {[%emt 00:00:36]} g6 {[%clk 01:30:02]} {[%emt 00:00:48]}
4. f4 {[%clk 01:25:35]} {[%emt 00:05:26]} Bg7 {[%clk 01:26:21]} {[%emt
00:04:11]} 5. Nf3 {[%clk 01:22:09]} {[%emt 00:03:55]} O-O {[%clk 01:20:55]}
{[%emt 00:05:56]} 6. h3 {[%clk 01:16:45]} {[%emt 00:05:55]} Nfd7 {[%clk
01:17:12]} {[%emt 00:04:12]} 7. Bc4 {[%clk 00:50:31]} {[%emt 00:26:44]} c6
{[%clk 01:15:45]} {[%emt 00:01:57]} 8. O-O {[%clk 00:47:23]} {[%emt 00:03:39]}
b5 {[%clk 01:16:07]} {[%emt 00:00:08]} 9. Bb3 {[%clk 00:46:32]} {[%emt
00:01:20]} Nb6 {[%clk 01:15:20]} {[%emt 00:01:17]} 10. a3 {[%clk 00:42:18]}
{[%emt 00:04:45]} Bb7 {[%clk 01:14:56]} {[%emt 00:00:53]} 11. e5 {[%clk
00:33:34]} {[%emt 00:09:15]} a6 {[%clk 01:09:13]} {[%emt 00:06:12]} 12. Qe2
{[%clk 00:29:56]} {[%emt 00:04:08]} c5 {[%clk 01:05:17]} {[%emt 00:04:26]} 13.
dxc5 {[%clk 00:30:02]} {[%emt 00:00:25]} dxc5 {[%clk 01:05:43]} {[%emt
00:00:04]} 14. Rd1 {[%clk 00:29:43]} {[%emt 00:00:49]} Qc7 {[%clk 01:05:42]}
{[%emt 00:00:30]} 15. Nd5 {[%clk 00:27:33]} {[%emt 00:02:41]} Nxd5 {[%clk
01:05:08]} {[%emt 00:01:04]} 16. Bxd5 {[%clk 00:27:58]} {[%emt 00:00:05]} e6
{[%clk 01:05:24]} {[%emt 00:00:13]} 17. Bxb7 {[%clk 00:25:13]} {[%emt
00:03:15]} Qxb7 {[%clk 01:05:46]} {[%emt 00:00:09]} 18. Be3 {[%clk 00:24:04]}
{[%emt 00:01:39]} Nd7 {[%clk 01:05:44]} {[%emt 00:00:32]} 19. Nd2 {[%clk
00:16:06]} {[%emt 00:08:28]} Rfd8 {[%clk 01:05:16]} {[%emt 00:00:57]} 20. c4
{[%clk 00:15:18]} {[%emt 00:01:18]} Bf8 {[%clk 01:04:58]} {[%emt 00:00:48]} 21.
Rac1 {[%clk 00:14:20]} {[%emt 00:01:29]} Rac8 {[%clk 01:04:43]} {[%emt
00:00:45]} 22. Kh2 {[%clk 00:10:37]} {[%emt 00:04:14]} b4 {[%clk 01:00:25]}
{[%emt 00:04:47]} 23. a4 {[%clk 00:06:30]} {[%emt 00:04:37]} Nb8 {[%clk
00:56:28]} {[%emt 00:04:27]} 24. Bf2 {[%clk 00:05:12]} {[%emt 00:01:48]} Nc6
{[%clk 00:55:54]} {[%emt 00:01:03]} 25. Ne4 {[%clk 00:04:27]} {[%emt 00:01:15]}
Nd4 {[%clk 00:56:18]} {[%emt 00:00:06]} 26. Bxd4 {[%clk 00:04:35]} {[%emt
00:00:22]} Rxd4 {[%clk 00:56:43]} {[%emt 00:00:05]} 27. Rxd4 {[%clk 00:04:43]}
{[%emt 00:00:21]} cxd4 {[%emt 00:00:08]} 28. b3 {[%clk 00:04:28]} {[%emt
00:00:43]} Bc5 {[%clk 00:57:20]} {[%emt 00:00:19]} 29. Qd3 {[%clk 00:04:39]}
{[%emt 00:00:19]} Qc6 {[%clk 00:57:36]} {[%emt 00:00:13]} 30. Rd1 {[%clk
00:04:44]} {[%emt 00:00:24]} Rd8 {[%clk 00:58:01]} {[%emt 00:00:06]} 31. Qf3
{[%clk 00:04:44]} {[%emt 00:00:30]} Kg7 {[%emt 00:00:43]} 32. Rd3 {[%clk
00:04:57]} {[%emt 00:00:05]} a5 {[%clk 00:57:49]} {[%emt 00:00:42]} 33. Kg3
{[%clk 00:03:47]} {[%emt 00:01:40]} Be7 {[%clk 00:58:06]} {[%emt 00:00:13]} 34.
Nd2 {[%clk 00:03:20]} {[%emt 00:00:57]} Qb6 {[%clk 00:57:58]} {[%emt 00:00:38]}
35. Qe4 {[%clk 00:02:59]} {[%emt 00:00:51]} f5 {[%clk 00:57:46]} {[%emt
00:00:41]} 36. exf6+ {[%clk 00:01:57]} {[%emt 00:01:32]} Bxf6 {[%clk 00:58:11]}
{[%emt 00:00:05]} 37. Nf3 {[%clk 00:02:21]} {[%emt 00:00:06]} Qc5 {[%clk
00:58:16]} {[%emt 00:00:24]} 38. Qxe6 {[%clk 00:01:44]} {[%emt 00:01:08]} Qf5
{[%clk 00:58:36]} {[%emt 00:00:10]} 39. Qxf5 {[%clk 00:01:31]} {[%emt
00:00:43]} gxf5 {[%clk 00:59:01]} {[%emt 00:00:06]} 40. Nh4 {[%clk 00:01:12]}
{[%emt 00:00:48]} Bxh4+ {[%clk 00:59:23]} {[%emt 00:00:08]} 41. Kxh4 {[%clk
00:01:36]} {[%emt 00:00:06]} Kf6 {[%clk 00:59:42]} {[%emt 00:00:11]} 42. Kg3
{[%clk 00:08:45]} {[%emt 00:23:21]} h5 {[%clk 01:29:34]} {[%emt 00:00:38]} 43.
h4 {[%clk 00:08:29]} {[%emt 00:00:46]} Ke6 {[%clk 01:29:46]} {[%emt 00:00:18]}
44. Kf3 {[%clk 00:08:38]} {[%emt 00:00:21]} Rd7 {[%clk 01:29:48]} {[%emt
00:00:29]} 45. Rd2 {[%clk 00:03:42]} {[%emt 00:05:26]} d3 {[%clk 01:29:29]}
{[%emt 00:00:49]} 46. Ke3 {[%clk 00:04:01]} {[%emt 00:00:11]} Rg7 {[%clk
01:29:55]} {[%emt 00:00:03]} 47. Kxd3 {[%clk 00:01:29]} {[%emt 00:03:02]} Rg3+
{[%clk 01:30:21]} {[%emt 00:00:05]} 48. Kd4 {[%clk 00:01:47]} {[%emt 00:00:12]}
Rxb3 {[%clk 01:30:41]} {[%emt 00:00:10]} 49. Kc5 {[%clk 00:01:56]} {[%emt
00:00:19]} Rc3 {[%clk 01:30:58]} {[%emt 00:00:14]} 50. Kb5 {[%clk 00:00:35]}
{[%emt 00:01:52]} b3 {[%clk 01:31:21]} {[%emt 00:00:07]} 51. Kxa5 {[%clk
00:00:33]} {[%emt 00:00:31]} Rxc4 {[%clk 01:31:38]} {[%emt 00:00:13]} 52. Rb2
{[%clk 00:00:39]} {[%emt 00:00:24]} Rxf4 {[%clk 01:31:52]} {[%emt 00:00:17]}
53. Rxb3 {[%clk 00:00:55]} {[%emt 00:00:12]} Kd7 {[%clk 01:32:16]} {[%emt
00:00:07]} 54. g3 {[%clk 00:01:10]} {[%emt 00:00:16]} Rc4 {[%clk 01:32:39]}
{[%emt 00:00:05]} 55. Kb5 {[%clk 00:01:29]} {[%emt 00:00:12]} Rd4 {[%clk
01:33:03]} {[%emt 00:00:07]} 56. Rc3 {[%clk 00:01:25]} {[%emt 00:00:33]} f4
{[%clk 01:33:25]} {[%emt 00:00:08]} 57. gxf4 {[%clk 00:01:32]} {[%emt
00:00:23]} Rxf4 {[%clk 01:33:50]} {[%emt 00:00:06]} 58. a5 {[%clk 00:01:55]}
{[%emt 00:00:06]} Rxh4 {[%clk 01:34:08]} {[%emt 00:00:12]} 59. a6 {[%clk
00:02:10]} {[%emt 00:00:14]} Rh1 {[%clk 01:34:34]} {[%emt 00:00:05]} 60. Ra3
{[%clk 00:02:14]} {[%emt 00:00:27]} Rb1+ {[%clk 01:34:54]} {[%emt 00:00:09]}
61. Kc5 {[%clk 00:02:16]} {[%emt 00:00:27]} Rb8 {[%clk 01:35:08]} {[%emt
00:00:17]} 62. a7 {[%clk 00:02:38]} {[%emt 00:00:08]} Ra8 {[%clk 01:35:33]}
{[%emt 00:00:05]} 63. Kb6 {[%clk 00:03:00]} {[%emt 00:00:08]} Ke6 {[%emt
00:00:03]} 64. Rh3 {[%clk 00:00:37]} {[%emt 00:02:52]} Rh8 {[%clk 01:36:04]}
{[%emt 00:00:27]} 65. Rxh5 {[%clk 00:00:50]} {[%emt 00:00:17]} Rxh5 {[%clk
01:36:28]} {[%emt 00:00:07]} 66. a8=Q {[%clk 00:01:12]} {[%emt 00:00:08]} Rd5
{[%clk 01:36:40]} {[%emt 00:00:11]} 67. Qe8 {[%clk 00:01:31]} {[%emt 00:00:18]}
Kf5 {[%clk 01:37:04]} {[%emt 00:00:06]} 68. Kc6 {[%clk 00:01:34]} {[%emt
00:00:25]} Re5 {[%clk 01:37:28]} {[%emt 00:00:07]} 69. Qh5+ {[%clk 00:01:38]}
{[%emt 00:00:25]} Kf4 {[%clk 01:37:46]} {[%emt 00:00:14]} 70. Qh4+ {[%clk
00:01:55]} {[%emt 00:00:13]} Kf5 {[%clk 01:38:08]} {[%emt 00:00:07]} 71. Qf2+
{[%clk 00:02:11]} {[%emt 00:00:14]} Ke6 {[%emt 00:00:32]} 72. Qd4 {[%clk
00:02:02]} {[%emt 00:00:31]} Rf5 {[%clk 01:38:27]} {[%emt 00:00:17]} 73. Qd6
{[%clk 00:01:49]} {[%emt 00:00:43]} Kf7 {[%clk 01:38:44]} {[%emt 00:00:14]} 74.
Kd7 {[%clk 00:02:09]} {[%emt 00:00:10]} Kg7 {[%emt 00:00:11]} 75. Qg3 {[%clk
00:01:43]} {[%emt 00:00:54]} Kh6 {[%clk 01:39:14]} {[%emt 00:00:21]} 76. Ke6
{[%clk 00:02:01]} {[%emt 00:00:09]} Rg5 {[%clk 01:39:27]} {[%emt 00:00:20]} 77.
Qh4 {[%clk 00:02:01]} {[%emt 00:00:29]} Rh5 {[%clk 01:39:16]} {[%emt 00:00:41]}
78. Qf6 {[%clk 00:02:19]} {[%emt 00:00:12]} Kh7 {[%clk 01:39:41]} {[%emt
00:00:05]} 79. Kf7 {[%clk 00:02:30]} {[%emt 00:00:18]} 1-0

[Event "DVM U20 2021"]
[Site "Kiel GER"]
[Date "2022.07.25"]
[Round "5"]
[White "Stahl, Johannes"]
[Black "Rothenberg, Jannik"]
[Result "1/2-1/2"]
[Termination "normal"]
[Board "6.5"]
[WhiteElo "1630"]
[BlackElo "1889"]
[WhiteClock "01:09:06"]
[BlackClock "00:40:17"]
[WhiteTeam "Heilbronner SV"]
[BlackTeam "Post SV Uelzen"]
[PlyCount "45"]
[WhiteFideId "34620109"]
[BlackFideId "16204743"]
[EventCountry "GER"]
[EventRounds "7"]
[EventType "team-swiss"]
[EventDate "2022.07.22"]

1. d4 {[%clk 01:31:00]} {[%emt 00:47:12]} Nf6 {[%clk 01:30:52]} {[%emt
00:00:08]} 2. c4 {[%clk 01:31:26]} {[%emt 00:00:04]} g6 {[%clk 01:31:09]}
{[%emt 00:00:12]} 3. g3 {[%clk 01:31:45]} {[%emt 00:00:12]} Bg7 {[%clk
01:31:23]} {[%emt 00:00:16]} 4. Bg2 {[%clk 01:32:07]} {[%emt 00:00:08]} O-O
{[%clk 01:30:54]} {[%emt 00:00:59]} 5. e4 {[%clk 01:32:16]} {[%emt 00:00:21]}
d6 {[%clk 01:31:07]} {[%emt 00:00:16]} 6. Nc3 {[%clk 01:32:31]} {[%emt
00:00:16]} c6 {[%clk 01:31:00]} {[%emt 00:00:38]} 7. Nge2 {[%clk 01:32:32]}
{[%emt 00:00:28]} e5 {[%clk 01:28:50]} {[%emt 00:02:40]} 8. O-O {[%clk
01:32:55]} {[%emt 00:00:07]} Nbd7 {[%clk 01:27:54]} {[%emt 00:01:26]} 9. h3
{[%clk 01:31:56]} {[%emt 00:01:29]} Qc7 {[%clk 01:27:06]} {[%emt 00:01:19]} 10.
Be3 {[%clk 01:31:56]} {[%emt 00:00:29]} a6 {[%clk 01:27:10]} {[%emt 00:00:27]}
11. Rc1 {[%clk 01:31:37]} {[%emt 00:00:48]} Rb8 {[%clk 01:25:06]} {[%emt
00:02:34]} 12. a4 {[%clk 01:30:46]} {[%emt 00:01:21]} Re8 {[%clk 01:24:30]}
{[%emt 00:01:06]} 13. f4 {[%clk 01:28:59]} {[%emt 00:02:17]} exd4 {[%clk
01:20:49]} {[%emt 00:04:11]} 14. Nxd4 {[%clk 01:28:00]} {[%emt 00:01:28]} Nc5
{[%clk 01:12:55]} {[%emt 00:08:25]} 15. Qc2 {[%clk 01:25:39]} {[%emt 00:02:50]}
Ne6 {[%clk 01:08:43]} {[%emt 00:04:43]} 16. Kh2 {[%clk 01:24:43]} {[%emt
00:01:26]} Nd7 {[%clk 01:02:13]} {[%emt 00:07:00]} 17. Nxe6 {[%clk 01:22:17]}
{[%emt 00:02:56]} fxe6 {[%clk 00:59:30]} {[%emt 00:03:13]} 18. Qd2 {[%clk
01:20:57]} {[%emt 00:01:49]} Nf6 {[%clk 00:56:21]} {[%emt 00:03:39]} 19. f5
{[%clk 01:18:35]} {[%emt 00:02:52]} exf5 {[%clk 00:48:30]} {[%emt 00:08:21]}
20. Bf4 {[%clk 01:16:52]} {[%emt 00:02:14]} Nxe4 {[%clk 00:47:42]} {[%emt
00:01:17]} 21. Nxe4 {[%clk 01:16:27]} {[%emt 00:00:55]} fxe4 {[%clk 00:47:59]}
{[%emt 00:00:13]} 22. Bxd6 {[%clk 01:15:23]} {[%emt 00:01:35]} Qd7 {[%clk
00:40:17]} {[%emt 00:08:12]} 23. Rce1 {[%clk 01:09:06]} {[%emt 00:06:45]}
1/2-1/2